Städte mit "O" - Statistiken

Allgemein
  • Dieses Quiz wurde 54 mal gespielt
  • Das Durchschnittsergebnis liegt bei 9 aus 36
Antwortstatistiken
Land Stadt % Korrekt
Norwegen 🇳🇴 Oslo
91%
Deutschland 🇩🇪 Oldenburg
87%
Deutschland 🇩🇪 Osnabrück
87%
Kanada Ottawa
87%
Japan 🇯🇵 Osaka
71%
Ukraine 🇺🇦 Odessa
62%
Frankreich 🇫🇷 Orleans
49%
Deutschland 🇩🇪 Olpe
44%
Burkina Faso 🇧🇫 Ouagadougou
42%
Dänemark 🇩🇰 Odense
40%
Großbritannien 🇬🇧 Oxford
33%
Russland 🇷🇺 Omsk
31%
Belgien 🇧🇪 Ostende
27%
Finnland 🇫🇮 Oulu
27%
USA 🇺🇸 Omaha
24%
USA 🇺🇸 Orlando
24%
Deutschland 🇩🇪 Oranienburg
22%
Deutschland 🇩🇪 Oschatz
18%
Tschechien 🇨🇿 Olmütz
16%
Russland 🇷🇺 Orenburg
16%
USA 🇺🇸 Oakland
9%
Deutschland 🇩🇪 Olching
7%
Schweden 🇸🇪 Örebro
7%
Deutschland 🇩🇪 Ottweiler
7%
Deutschland 🇩🇪 Oberhof
2%
Deutschland 🇩🇪 Oberursel (Taunus)
2%
Argentinien 🇦🇷 Olavarria
2%
Großbritannien 🇬🇧 Oldham
2%
Polen 🇵🇱 Opole
2%
Deutschland 🇩🇪 Oppenau
2%
Deutschland 🇩🇪 Owen
2%
Deutschland 🇩🇪 Oberasbach
0%
Polen 🇵🇱 Olsztyn
0%
Nigeria 🇳🇬 Onitsha
0%
Brasilien 🇧🇷 Osasco
0%
Polen 🇵🇱 Oswiecim
0%
Keine übereinstimmenden Quizze gefunden
Verteilung der Resultate
Anzahl Personen mit jedem Resultat
Perzentil nach korrekt beantworteten Fragen
Ihre Resultats-Entwicklung
Sie haben dieses Quiz noch nicht gespielt